[Event "RUS-ch Seniors"]
[Site "Odintsovo"]
[Date "2011.04.25"]
[Round "7"]
[White "Kozlov, Vladimir N"]
[Black "Aliekhin, Vladislav Alekseevi"]
[Result "1-0"]
[WhiteElo "2300"]
[BlackElo "2041"]
[PlyCount "91"]
[EventDate "2011.04.19"]
[EventType "swiss"]
[EventRounds "9"]
[EventCountry "RUS"]
[SourceTitle "CBM 142 Extra"]
[Source "ChessBase"]
[SourceDate "2011.06.27"]
[SourceVersion "1"]
[SourceVersionDate "2011.06.27"]
[SourceQuality "1"]

1. c4 c6 2. e4 e5 3. Nf3 d6 4. d4 Nd7 5. Nc3 Ngf6 6. Be2 Be7 7. 0-0 0-0 8. Re1 Re8 9. Bf1 Bf8 10. Bg5 Qc7 11. Rc1 h6 12. Bh4 g5 13. Bg3 Nh5 14. Nxe5 Nxg3 15. Nxd7 Bxd7 16. hxg3 Bg7 17. Rc2 Re7 18. f4 f6 19. Be2 a6 20. Bg4 Be8 21. Bf5 Bf7 22. b3 Rae8 23. Re3 Qa5 24. Ree2 Qb6 25. Red2 Kf8 26. Kh2 Qa5 27. Qf3 Kg8 28. Rb2 Qb6 29. c5 Qc7 30. cxd6 Qxd6 31. e5 Qb8 32. Re2 fxe5 33. dxe5 Rd8 34. Rbd2 Be6 35. Bxe6+ Rxe6 36. Qg4 Rde8 37. Ne4 Kh8 38. Rd6 R6e7 39. Red2 gxf4 40. gxf4 Rg8 41. Qh4 Rge8 42. Nf6 Bxf6 43. Rxf6 Rh7 44. Rd7 Rxd7 45. Rxh6+ Kg8 46. Rh8+ 1-0

[Event "RUS-ch Seniors"]
[Site "Odintsovo"]
[Date "2011.04.22"]
[Round "4"]
[White "Aliekhin, Vladislav Alekseevi"]
[Black "Artyushikhin, Valentin"]
[Result "1/2-1/2"]
[WhiteElo "2041"]
[BlackElo "2274"]
[PlyCount "63"]
[EventDate "2011.04.19"]
[EventType "swiss"]
[EventRounds "9"]
[EventCountry "RUS"]
[SourceTitle "CBM 142 Extra"]
[Source "ChessBase"]
[SourceDate "2011.06.27"]
[SourceVersion "1"]
[SourceVersionDate "2011.06.27"]
[SourceQuality "1"]

1. Nf3 Nf6 2. g3 g6 3. Bg2 Bg7 4. 0-0 0-0 5. d4 d5 6. Be3 c6 7. h3 Ne4 8. Qc1 Nd7 9. Bh6 Re8 10. Bxg7 Kxg7 11. Rd1 f6 12. c4 Nb6 13. c5 Nd7 14. Nc3 f5 15. b4 e5 16. Nxe4 fxe4 17. Nxe5 Nxe5 18. dxe5 Rxe5 19. f4 exf3 20. exf3 Qf6 21. Qd2 Bd7 22. f4 Re7 23. Re1 Rae8 24. Rxe7+ Qxe7 25. Kf2 Bf5 26. Re1 Qxe1+ 27. Qxe1 Rxe1 28. Kxe1 Kf6 29. Kd2 h6 30. Ke3 g5 31. fxg5+ hxg5 32. Kd4 1/2-1/2

[Event "RUS-ch Seniors"]
[Site "Odintsovo"]
[Date "2011.04.20"]
[Round "2"]
[White "Aliekhin, Vladislav Alekseevi"]
[Black "Chernikov, Oleg L"]
[Result "0-1"]
[WhiteElo "2041"]
[BlackElo "2438"]
[PlyCount "68"]
[EventDate "2011.04.19"]
[EventType "swiss"]
[EventRounds "9"]
[EventCountry "RUS"]
[SourceTitle "CBM 142 Extra"]
[Source "ChessBase"]
[SourceDate "2011.06.27"]
[SourceVersion "1"]
[SourceVersionDate "2011.06.27"]
[SourceQuality "1"]

1. Nf3 g6 2. d4 Bg7 3. g3 b6 4. Bg2 Bb7 5. 0-0 e6 6. c4 Ne7 7. Nc3 0-0 8. e4 d6 9. Be3 Nd7 10. Qd2 Nf6 11. Ne1 Ng4 12. f4 c5 13. Nc2 Nxe3 14. Qxe3 cxd4 15. Nxd4 Qc7 16. b3 Qc5 17. Rad1 Nc6 18. Nce2 b5 19. Qf2 Nxd4 20. Nxd4 bxc4 21. b4 Qxb4 22. Rb1 Qc5 23. Nxe6 Qxf2+ 24. Kxf2 fxe6 25. Rxb7 Rf7 26. Rb4 Rc7 27. Rc1 c3 28. Ke3 Kf7 29. Kd3 Rd8 30. Kc2 d5 31. Rd1 d4 32. e5 d3+ 33. Kc1 Bf8 34. Rb3 Bc5 0-1

[Event "RUS-ch Seniors"]
[Site "Odintsovo"]
[Date "2011.04.19"]
[Round "1"]
[White "Malov, Lev Pavlovich"]
[Black "Aliekhin, Vladislav Alekseevi"]
[Result "1/2-1/2"]
[WhiteElo "1985"]
[BlackElo "2041"]
[PlyCount "30"]
[EventDate "2011.04.19"]
[EventType "swiss"]
[EventRounds "9"]
[EventCountry "RUS"]
[SourceTitle "CBM 142 Extra"]
[Source "ChessBase"]
[SourceDate "2011.06.27"]
[SourceVersion "1"]
[SourceVersionDate "2011.06.27"]
[SourceQuality "1"]

1. e4 e6 2. d4 d5 3. exd5 exd5 4. Nf3 Nf6 5. Bd3 Bd6 6. 0-0 0-0 7. Bg5 Bg4 8. Nbd2 Nbd7 9. Bh4 Bh5 10. Bg3 Bxg3 11. hxg3 Bg6 12. Bxg6 hxg6 13. c3 c6 14. Re1 Re8 15. Rxe8+ Qxe8 1/2-1/2

[Event "Moscow op-E"]
[Site "Moscow"]
[Date "2011.01.31"]
[Round "3.237"]
[White "Aliekhin, Vladislav Alekseevi"]
[Black "Ershov, Aleksey"]
[Result "0-1"]
[WhiteElo "2048"]
[BlackElo "1779"]
[PlyCount "60"]
[EventDate "2011.01.29"]
[EventType "swiss"]
[EventRounds "9"]
[EventCountry "RUS"]
[SourceTitle "EXT 2022"]
[Source "ChessBase"]
[SourceDate "2021.10.06"]
[SourceVersion "1"]
[SourceVersionDate "2021.10.06"]
[SourceQuality "1"]

1. e4 c5 2. Nf3 d6 3. d4 cxd4 4. Nxd4 Nf6 5. Nc3 a6 6. Be2 e5 7. Nb3 Be6 8. Bg5 Nbd7 9. 0-0 b5 10. a3 Be7 11. Qd2 Qc7 12. Rad1 Rc8 13. h3 h6 14. Be3 Nb6 15. Bxb6 Qxb6 16. Nd5 Bxd5 17. exd5 0-0 18. c3 Ne4 19. Qd3 f5 20. Nd2 Bh4 21. Nxe4 fxe4 22. Qxe4 Rf4 23. Qd3 Bxf2+ 24. Kh2 e4 25. Qc2 Qe3 26. Bg4 Qg3+ 27. Kh1 Rcf8 28. Qe2 Be3 29. Rxf4 Bxf4 30. Kg1 Be5 0-1

[Event "Moscow op-E"]
[Site "Moscow"]
[Date "2011.01.30"]
[Round "2.199"]
[White "Bocharnikov, Oleg"]
[Black "Aliekhin, Vladislav Alekseevi"]
[Result "1-0"]
[WhiteElo "1811"]
[BlackElo "2048"]
[PlyCount "100"]
[EventDate "2011.01.29"]
[EventType "swiss"]
[EventRounds "9"]
[EventCountry "RUS"]
[SourceTitle "EXT 2022"]
[Source "ChessBase"]
[SourceDate "2021.10.06"]
[SourceVersion "1"]
[SourceVersionDate "2021.10.06"]
[SourceQuality "1"]

1. Nf3 d6 2. d4 Bg4 3. e4 c6 4. Be2 g6 5. 0-0 Bg7 6. c4 Qb6 7. Nbd2 Nd7 8. Rb1 Ngf6 9. Qc2 0-0 10. b4 Qc7 11. c5 Bh6 12. a4 b6 13. cxd6 exd6 14. h3 Bxf3 15. Bxf3 Rac8 16. Nb3 Bxc1 17. Rfxc1 Rfe8 18. Nd2 Qd8 19. Rb3 Qe7 20. Rc3 c5 21. d5 Rb8 22. b5 Ne5 23. Be2 g5 24. Nf1 Ng6 25. Re3 Qe5 26. Ng3 Nh4 27. Rd1 h6 28. Nf5 Kh7 29. g3 Ng6 30. Bd3 Ng8 31. h4 g4 32. h5 N6e7 33. Nxd6 Rf8 34. Nf5 Nf6 35. Nxe7 Kh8 36. Nc6 Qxh5 37. Nxb8 Rxb8 38. Qe2 Qe5 39. Kg2 Kg7 40. Rh1 h5 41. f4 gxf3+ 42. Qxf3 Ng4 43. Re2 Rh8 44. Qf4 Qd4 45. Qg5+ Kf8 46. Rxh5 Rxh5 47. Qxh5 Ne3+ 48. Rxe3 Qxe3 49. Qe2 Qd4 50. Bc4 f6 1-0

[Event "Moscow op"]
[Site "Moscow"]
[Date "2011.01.09"]
[Round "6"]
[White "Chapygin, Sergey"]
[Black "Aliekhin, Vladislav Alekseevi"]
[Result "1-0"]
[WhiteElo "2129"]
[BlackElo "2065"]
[PlyCount "43"]
[EventDate "2011.01.03"]
[EventType "swiss"]
[EventRounds "9"]
[EventCountry "RUS"]
[SourceTitle "CBM 140 Extra"]
[Source "ChessBase"]
[SourceDate "2011.03.01"]
[SourceVersion "1"]
[SourceVersionDate "2011.03.01"]
[SourceQuality "1"]

1. e4 d6 2. d4 g6 3. c4 Bg7 4. Nc3 Nc6 5. d5 Nd4 6. Be3 c5 7. Nge2 Qb6 8. Qd2 Bd7 9. Rd1 Nxe2 10. Bxe2 h5 11. 0-0 Nf6 12. h3 0-0 13. f4 Bh6 14. e5 Ne8 15. b4 Qc7 16. bxc5 dxe5 17. fxe5 Bxe3+ 18. Qxe3 Ng7 19. d6 exd6 20. Nd5 Nf5 21. Rxf5 Qd8 22. Qh6 1-0

[Event "Moscow op"]
[Site "Moscow"]
[Date "2011.01.08"]
[Round "5"]
[White "Aliekhin, Vladislav Alekseevi"]
[Black "Chizhikov, Vladislav"]
[Result "0-1"]
[WhiteElo "2065"]
[BlackElo "2231"]
[PlyCount "64"]
[EventDate "2011.01.03"]
[EventType "swiss"]
[EventRounds "9"]
[EventCountry "RUS"]
[SourceTitle "CBM 140 Extra"]
[Source "ChessBase"]
[SourceDate "2011.03.01"]
[SourceVersion "1"]
[SourceVersionDate "2011.03.01"]
[SourceQuality "1"]

1. c4 g6 2. Nc3 Bg7 3. d4 Nf6 4. Nf3 d5 5. cxd5 Nxd5 6. g3 Nxc3 7. bxc3 c5 8. Bg2 0-0 9. 0-0 Nc6 10. e3 Be6 11. Qa4 Rb8 12. Ng5 Bd5 13. e4 b5 14. Qa6 Rb6 15. Qxb6 axb6 16. exd5 Na5 17. Be3 Nc4 18. Rfe1 b4 19. Rac1 Nxe3 20. fxe3 bxc3 21. dxc5 bxc5 22. Ne4 Qa5 23. Rc2 f5 24. Nf2 Rb8 25. Bf1 Rb2 26. Rxb2 cxb2 27. Rb1 Qxa2 28. Bd3 c4 29. Bc2 Qa5 30. Rd1 Qc3 31. Bb1 Qxe3 32. Kf1 Bd4 0-1

[Event "Moscow op"]
[Site "Moscow"]
[Date "2011.01.03"]
[Round "1"]
[White "Dobrovolskiy, Konstantin"]
[Black "Aliekhin, Vladislav Alekseevi"]
[Result "1/2-1/2"]
[WhiteElo "2209"]
[BlackElo "2065"]
[PlyCount "52"]
[EventDate "2011.01.03"]
[EventType "swiss"]
[EventRounds "9"]
[EventCountry "RUS"]
[SourceTitle "CBM 140 Extra"]
[Source "ChessBase"]
[SourceDate "2011.03.01"]
[SourceVersion "1"]
[SourceVersionDate "2011.03.01"]
[SourceQuality "1"]

1. d4 d6 2. e4 Nf6 3. Nc3 e5 4. Nf3 exd4 5. Nxd4 Be7 6. Be2 Bd7 7. 0-0 Nc6 8. Be3 0-0 9. f3 Nxd4 10. Qxd4 c5 11. Qd2 Bc6 12. Rfd1 Qd7 13. a4 b6 14. Bc4 Rfd8 15. Qf2 Qc7 16. Rd2 Rd7 17. Rad1 Rad8 18. g4 Qb7 19. g5 Ne8 20. Bf4 a6 21. Bd5 Nc7 22. Bxc6 Qxc6 23. Qg3 Ne6 24. Be3 Nc7 25. Bf4 Ne6 26. Be3 Nc7 1/2-1/2

[Event "RSSU-18 op"]
[Site "Moscow"]
[Date "2009.10.17"]
[Round "1"]
[White "Chudinovskih, Alexander N"]
[Black "Aliekhin, Vladislav Alekseevi"]
[Result "1-0"]
[WhiteElo "2300"]
[BlackElo "2041"]
[PlyCount "109"]
[EventDate "2009.10.17"]
[EventType "swiss"]
[EventRounds "9"]
[EventCountry "RUS"]
[SourceTitle "EXT 2022"]
[Source "ChessBase"]
[SourceDate "2021.10.06"]
[SourceVersion "1"]
[SourceVersionDate "2021.10.06"]
[SourceQuality "1"]

1. e4 d5 2. exd5 Qxd5 3. d4 Nf6 4. Nf3 Bg4 5. Be2 c6 6. 0-0 e6 7. h3 Bxf3 8. Bxf3 Qd8 9. a4 a5 10. c3 Nbd7 11. Bf4 Nb6 12. Qb3 Ra7 13. Nd2 Nfd5 14. Be5 Nd7 15. Rad1 Nxe5 16. dxe5 Qc7 17. Nc4 Be7 18. Nd6+ Bxd6 19. exd6 Qd7 20. c4 Nb4 21. Qe3 Ra6 22. Be4 0-0 23. Bb1 g6 24. Rfe1 Rc8 25. Re2 b5 26. c5 bxa4 27. Qa3 Ra7 28. Qxa4 Qd8 29. Rd4 Rb7 30. Be4 Rb5 31. Rc4 Rcb8 32. Qa3 Qd7 33. Qg3 Na6 34. Qe5 Nb4 35. h4 f5 36. Bf3 Re8 37. h5 Qg7 38. hxg6 hxg6 39. Qe3 e5 40. Qg5 Rbb8 41. Rd2 e4 42. d7 Red8 43. Rd6 Kh7 44. Bh5 gxh5 45. Qxf5+ Kg8 46. Rg6 Rxd7 47. Rxe4 Nd5 48. Qxh5 Nf6 49. Rxg7+ Rxg7 50. Qe5 Re8 51. Qxe8+ Nxe8 52. Rxe8+ Kh7 53. Ra8 Rb7 54. Rxa5 Rxb2 55. Ra6 1-0

[Event "RUS-ch Seniors"]
[Site "Odintsovo"]
[Date "2008.10.08"]
[Round "6"]
[White "Aliekhin, Vladislav Alekseevi"]
[Black "Kuznetsov, Boris"]
[Result "1-0"]
[WhiteElo "2120"]
[BlackElo "2074"]
[PlyCount "119"]
[EventDate "2008.10.02"]
[EventType "swiss"]
[EventRounds "9"]
[EventCountry "RUS"]
[SourceTitle "CBM 127 Extra"]
[Source "ChessBase"]
[SourceDate "2009.01.08"]
[SourceVersion "2"]
[SourceVersionDate "2009.01.28"]
[SourceQuality "1"]

1. e4 c6 2. d4 d5 3. f3 e6 4. g3 Ne7 5. Bg2 Ng6 6. Ne2 Nd7 7. Be3 Qb6 8. Qc1 Be7 9. 0-0 0-0 10. h4 Bd6 11. Nbc3 a5 12. h5 Ne7 13. f4 f5 14. e5 Bb8 15. Na4 Qa6 16. Qd2 Ba7 17. b3 b5 18. Nc5 Nxc5 19. dxc5 a4 20. Rfc1 h6 21. c4 Bd7 22. cxb5 cxb5 23. b4 Nc6 24. a3 Be8 25. Bf3 Bf7 26. Rd1 Rad8 27. Bd4 Rd7 28. Nc3 Bb8 29. Qd3 Na7 30. Be2 Rb7 31. Rac1 Qc6 32. Rd2 Bc7 33. Rb2 Rfb8 34. Kh2 Qe8 35. Qf3 Nc6 36. Rd2 Nxd4 37. Rxd4 Qc6 38. Rg1 Bd8 39. Rd2 Be8 40. Bd1 Qd7 41. Ne2 Qf7 42. Nd4 Rc7 43. Kg2 Kf8 44. Kf2 Ke7 45. Ke3 Kd7 46. Be2 Kc8 47. Rc2 Bd7 48. g4 Bc6 49. gxf5 exf5 50. Bd3 Bd7 51. Rg6 Qg8 52. Rcg2 Be8 53. Bxf5+ Kb7 54. Be6 Qf8 55. Bxd5+ Ka7 56. Ne6 Qf5 57. Be4 Qf7 58. Nxc7 Bxc7 59. Rxg7 Qb3+ 60. Kf2 1-0